| 000 | 01374cam a22003014a 4500 | ||
|---|---|---|---|
| 999 |
_c331921 _d331921 |
||
| 001 | 12216521 | ||
| 003 | NUST | ||
| 005 | 20171102120827.0 | ||
| 008 | 001031s2001 nyua b 001 0 eng | ||
| 010 | _a 00053295 | ||
| 020 | _a0070471789 (alk. paper) | ||
| 040 |
_aDLC _cDLC _dDLC |
||
| 042 | _apcc | ||
| 043 | _an-us--- | ||
| 050 | 0 | 0 |
_aTD767 _b.M37 2001 |
| 082 | 0 | 0 |
_a628.3640973 MCF _221 |
| 100 | 1 |
_aMcFarland, Michael J., _d1958- _95848 |
|
| 245 | 1 | 0 |
_aBiosolids engineering / _cMichael J. McFarland. |
| 260 |
_aNew York : _bMcGraw-Hill, _cc2001. |
||
| 300 |
_a1 v. (various pagings) : _bill. ; _c24 cm. |
||
| 440 | 0 |
_aMcGraw-Hill series in water resources and environmental engineering _92106 |
|
| 500 | _aH.B | ||
| 504 | _aIncludes bibliographical references and index. | ||
| 650 | 0 |
_aSewage sludge _zUnited States _xManagement. _95849 |
|
| 856 | 4 | 2 |
_3Contributor biographical information _uhttp://www.loc.gov/catdir/bios/mh041/00053295.html |
| 856 | 4 | 2 |
_3Publisher description _uhttp://www.loc.gov/catdir/description/mh021/00053295.html |
| 856 | 4 | 1 |
_3Table of contents _uhttp://www.loc.gov/catdir/toc/mh021/00053295.html |
| 906 |
_a7 _bcbc _corignew _d1 _eocip _f20 _gy-gencatlg |
||
| 942 |
_2ddc _cBK _kIESE |
||